000 00669nam a2200265Ia 4500
005 20260324153432.0
008 008 260324s9999 xx 000 0 eng d
020 _a9780443133848
037 _aEBOOK
040 _aCRL
040 _beng
040 _cCRL
041 _2eng
041 _aeng
084 _qCRL
100 _aStanislaw Raczynski
245 0 _aReachable Sets of Dynamic Systems: Uncertainty, Sensitivity, and Complex Dynamics
260 _bElsevier
260 _c2023
650 _aEngineering
856 _uhttps://www.sciencedirect.com/science/book/9780443133848
942 _cEBOOK
999 _c1842905
_d1842905